Aubergerichtleche konfliktlösung in der Antike: beispiele aus drei jahrtausenden

Saved in:
书目详细资料
Main Authors: Pfeifer, Guido (Author), Grotkamp, Nadime (Author)
格式: 图书
语言:德语
出版: Berlín Max Planck Institute for European Legal History 2017
版:1a. ed
丛编:Global Perspectives on Legal History, 9
主题:
标签: 添加标签
没有标签, 成为第一个标记此记录!

MARC

LEADER 00000cam a2200000 a 4500
001 UCC2569
003 CL-VaPUC
008 180309e20170000gw |||||||||||||||||ger|d
020 |a 9783944773087 
082 0 4 |a 340.54  |b PFE  |2 21 
100 0 |a Pfeifer, Guido  |e author  |9 596633 
700 0 |a Grotkamp, Nadime  |e author  |9 596634 
245 1 0 |a Aubergerichtleche konfliktlösung in der Antike: beispiele aus drei jahrtausenden 
250 |a 1a. ed 
300 |a 171 p 
942 |c BK 
945 |d 20180309 22:06:00  |a arojas 
260 |a Berlín  |b Max Planck Institute for European Legal History  |c 2017 
650 0 |a Derecho romano  |9 255930 
650 0 |a Historia del derecho  |9 255109 
583 |a last modification  |c 20180309 22:06:00  |k Rodrigo Vera 
490 0 |a Global Perspectives on Legal History, 9 
999 |c 370636  |d 370634 
952 |0 0  |1 0  |3 erb  |4 0  |6 340_540000000000000_PFE_2017  |7 0  |8 DER_ROM  |9 487194  |a BIBDER  |b BIBDER  |i 545249K  |o 340.54 PFE 2017  |p 545249K  |r 2023-01-25  |w 2019-11-24  |x Ubicación 4to piso  |y BK  |z Este recurso debe solicitarse con anticipación  |k DER